Central Library OPAC University of Rajshahi

Shakespeare's poetics in relation to King Lear / (Record no. 17596)

MARC details
000 -LEADER
fixed length control field 00832cam a22002651 4500
001 - CONTROL NUMBER
control field 17596
003 - CONTROL NUMBER IDENTIFIER
rucl marc code BD-RjUL
005 - DATE AND TIME OF LATEST TRANSACTION
control field 20211209000150.0
008 - FIXED-LENGTH DATA ELEMENTS--GENERAL INFORMATION
fixed length control field 140217s1962 enka b 001 1 eng d
035 ## - SYSTEM CONTROL NUMBER
System control number (BD-RjUL)17654
System control number (OCoLC)307865
040 ## - CATALOGING SOURCE
Original cataloging agency DLC
Transcribing agency OYU
Modifying agency FU
-- OCoLC
-- Uk
-- DLC
-- BD-RjUL
Language of cataloging eng
041 ## - LANGUAGE CODE
Language code of text/sound track or separate title eng
082 00 - DEWEY DECIMAL CLASSIFICATION NUMBER
Classification number 822.33
Author mark and year FRS 1962
100 1# - MAIN ENTRY--PERSONAL NAME
Personal name Fraser, Russell A.
9 (RLIN) 54240
245 10 - TITLE STATEMENT
Title Shakespeare's poetics in relation to King Lear /
Statement of responsibility, etc. Russell A. Fraser,
260 ## - PUBLICATION, DISTRIBUTION, ETC. (IMPRINT)
Place of publication, distribution, etc. London :
Name of publisher, distributor, etc. Routledge & Paul,
Date of publication, distribution, etc. c1962
300 ## - PHYSICAL DESCRIPTION
Pagination xi, 184 p. :
Illustrations illus. ;
Size 23 cm.
504 ## - BIBLIOGRAPHY, ETC. NOTE
Bibliography, etc Includes bibliography and Index
600 10 - SUBJECT ADDED ENTRY--PERSONAL NAME
Personal name Shakespeare, William,
Dates associated with a name 1564-1616.
650 #0 - SUBJECT ADDED ENTRY--TOPICAL TERM
Topical term or geographic name as entry element Lear, King (Legendary character), in literature.
9 (RLIN) 54242
942 ## - ADDED ENTRY ELEMENTS (KOHA)
Source of classification or shelving scheme Dewey Decimal Classification
Koha item type Books
Holdings
Lost status Source of classification or shelving scheme Damaged status Not for loan Collection code Permanent Location Current Location Shelving location Date acquired Source of acquisition Cost, normal purchase price Total Checkouts Full call number Date last seen Copy number Koha item type
  Dewey Decimal Classification   Not For Loan Fiction Central Library, University of Rajshahi Central Library, University of Rajshahi Reading Room 11/04/1964 Zeithlinger. 30.00   822.33 FRS 1962 17/02/2014 C-1 Books
  Dewey Decimal Classification     Fiction Central Library, University of Rajshahi Central Library, University of Rajshahi   12/03/1964 Zetlinger 30.00   822.33 FRS 1962 02/03/2014 C-2 Books